00638 2200205 4500001002100000005001500021035002000036008004100056245005200097100002000149260004100169300002500210022001400235084002000249082001000269650008600279863002500365020002200390990002000412INLIS00000000000404420250123095716 a0010-0125000335250123 0 ind 1 aKukar Masih Harus Kerja Keras /cRita Widyasari aWidyasari, Rita aKutai Kartanegara :bKP Books,c2012 a182 hlm. ;c13x20 cm a2614-8560 a923.2 WID K C.1 a923.2 4aBiografi Ahli Politik, Biografi Politikus, Politisi, Biografi Ahli Pemerintahan aSejarah Perpustakaan a978-602-19626-5-7 a231211200007104